<?xml version="1.0" encoding="UTF-8"?>
<record
    xmlns:xsi="http://www.w3.org/2001/XMLSchema-instance"
    xsi:schemaLocation="http://www.loc.gov/MARC21/slim http://www.loc.gov/standards/marcxml/schema/MARC21slim.xsd"
    xmlns="http://www.loc.gov/MARC21/slim">

  <leader>00789nam a22002297a 4500</leader>
  <datafield tag="952" ind1=" " ind2=" ">
    <subfield code="a">0001</subfield>
    <subfield code="b">0001</subfield>
    <subfield code="d">2019-05-17</subfield>
    <subfield code="l">0</subfield>
    <subfield code="o">928.94335 N29 2014</subfield>
    <subfield code="p">005304</subfield>
    <subfield code="r">2019-05-17 00:00:00</subfield>
    <subfield code="w">2019-05-17</subfield>
    <subfield code="y">BKS</subfield>
  </datafield>
  <datafield tag="999" ind1=" " ind2=" ">
    <subfield code="c">13252</subfield>
    <subfield code="d">13252</subfield>
  </datafield>
  <controlfield tag="003">MIRAKIL</controlfield>
  <controlfield tag="005">20190517115314.0</controlfield>
  <controlfield tag="008">190517b        tu ||||| |||| 00| 0 tur d</controlfield>
  <datafield tag="020" ind1=" " ind2=" ">
    <subfield code="a">9789751734846</subfield>
  </datafield>
  <datafield tag="040" ind1=" " ind2=" ">
    <subfield code="c">TR-AnCHP</subfield>
    <subfield code="a">TR-AnCHP</subfield>
  </datafield>
  <datafield tag="041" ind1=" " ind2=" ">
    <subfield code="a">tur</subfield>
  </datafield>
  <datafield tag="082" ind1=" " ind2=" ">
    <subfield code="a">928.94335</subfield>
    <subfield code="b">N29 2014</subfield>
  </datafield>
  <datafield tag="245" ind1="1" ind2="0">
    <subfield code="a">&#x130;stanbul &#x15E;air Naz&#x131;m Hikmet /</subfield>
    <subfield code="c">edit&#xF6;r K&#x131;ymet Co&#x15F;kun.</subfield>
  </datafield>
  <datafield tag="260" ind1=" " ind2=" ">
    <subfield code="a">Ankara :</subfield>
    <subfield code="b">T.C. K&#xFC;lt&#xFC;r ve Turizm Bakanl&#x131;&#x11F;&#x131;,</subfield>
    <subfield code="c">2014. </subfield>
  </datafield>
  <datafield tag="300" ind1=" " ind2=" ">
    <subfield code="a">492 s. :</subfield>
    <subfield code="b">res. ;</subfield>
    <subfield code="c">21 sm. </subfield>
  </datafield>
  <datafield tag="440" ind1=" " ind2="0">
    <subfield code="a">K&#xFC;lt&#xFC;r ve Turizm Bakanl&#x131;&#x11F;&#x131; yay&#x131;nlar&#x131;.</subfield>
    <subfield code="v">3255..</subfield>
  </datafield>
  <datafield tag="490" ind1="0" ind2=" ">
    <subfield code="a">Anma ve Arma&#x11F;an Kitaplar&#x131; dizisi ;</subfield>
    <subfield code="v">18.</subfield>
  </datafield>
  <datafield tag="600" ind1="1" ind2="4">
    <subfield code="a">Naz&#x131;m Hikmet</subfield>
    <subfield code="d">1901-1963</subfield>
    <subfield code="x">ya&#x15F;am&#xF6;yk&#xFC;s&#xFC;</subfield>
    <subfield code="9">2988</subfield>
  </datafield>
  <datafield tag="650" ind1=" " ind2="0">
    <subfield code="a">Yazarlar, T&#xFC;rk</subfield>
    <subfield code="y">20 yy.</subfield>
    <subfield code="9">5390</subfield>
    <subfield code="x">ya&#x15F;am&#xF6;yk&#xFC;s&#xFC;</subfield>
  </datafield>
  <datafield tag="700" ind1=" " ind2=" ">
    <subfield code="a">Co&#x15F;kun, K&#x131;ymet</subfield>
    <subfield code="e">ed.</subfield>
    <subfield code="9">5757</subfield>
  </datafield>
  <datafield tag="942" ind1=" " ind2=" ">
    <subfield code="2">ddc</subfield>
    <subfield code="c">BKS</subfield>
  </datafield>
</record>
